000 00534nam a2200181Ia 4500
005 20250326123710.0
008 250326s9999 xx 000 0 und d
037 _aTextbook
040 _aFMSL
_beng
_cFMSL
041 _aeng
_2eng
084 _aX8(A):8 M7
_qFMSL
100 _aWilliamson O
_9735842
245 0 _aAntitrust economics: Mergers,contracting, and strategic behaviour
_cWilliamson O
260 _aUSA
_bUSA, Basil Blackwell
_c1987
300 _a363p
942 _cTB
_hX8(A):8 M7
999 _c1270555
_d1270555